|
|
|
|
| LEADER |
02144cas a2200265 a 4500 |
| 001 |
AALejournalIMF018690 |
| 008 |
230101c9999 xx r poo 0 0eng d |
| 020 |
|
|
|c 5.00 USD
|
| 020 |
|
|
|z 9781484371022
|
| 022 |
|
|
|a 2075-8669
|
| 040 |
|
|
|a BD-DhAAL
|c BD-DhAAL
|
| 100 |
1 |
|
|a Croitoru, Oana.
|
| 245 |
1 |
0 |
|a Resolution Funding :
|b Who Pays When Financial Institutions Fail? /
|c Oana Croitoru, Marc Dobler, Johan Molin.
|
| 264 |
|
1 |
|a Washington, D.C. :
|b International Monetary Fund,
|c 2018.
|
| 300 |
|
|
|a 1 online resource (28 pages)
|
| 490 |
1 |
|
|a Technical Notes and Manuals
|
| 500 |
|
|
|a <strong>Off-Campus Access:</strong> No User ID or Password Required
|
| 500 |
|
|
|a <strong>On-Campus Access:</strong> No User ID or Password Required
|
| 506 |
|
|
|a Electronic access restricted to authorized BRAC University faculty, staff and students
|
| 520 |
3 |
|
|a A key element of the international reform agenda since the Global Financial Crisis has been to strengthen resolution regimes and make government bailouts the last, not first, resort. A new international standard prescribes a range of tools, powers, and funding arrangements needed to resolve 'any financial institution that could be systemically significant or critical if it fails.' It recommends having resolution funding arrangements set up in advance, 'so that authorities are not constrained to rely on public ownership or bail-out funds as a means of resolving firms.' It leaves open significant flexibility with respect to the arrangements that would provide the resources authorities will need to carry out effective resolution. This paper offers a framework for weighing the relative advantages of different resolution funding options that could meet the standard. It presents the main developments to date and discusses the advantages and disadvantages of different options.
|
| 538 |
|
|
|a Mode of access: Internet
|
| 700 |
1 |
|
|a Dobler, Marc.
|
| 700 |
1 |
|
|a Molin, Johan.
|
| 830 |
|
0 |
|a Technical Notes and Manuals; Technical Notes and Manuals ;
|v No. 2018/001
|
| 856 |
4 |
0 |
|z Full text available on IMF
|u http://elibrary.imf.org/view/journals/005/2018/001/005.2018.issue-001-en.xml
|z IMF e-Library
|